| 000 | 00771nam a22001937a 4500 | ||
|---|---|---|---|
| 999 |
_c18988 _d18988 |
||
| 003 | AR-CdUCM | ||
| 008 | 190516b ||||| |||| 00| 0 spa d | ||
| 040 |
_aMUNICIPALIDAD PROVINCIAL DEL CUSCO _cBIBLIOTECA MUNICIPAL DEL CUSCO |
||
| 082 |
_a501 / _bN54 |
||
| 100 |
_aNicol, Eduardo _936247 |
||
| 245 | _aLos principios de la ciencia / | ||
| 260 |
_aMexico : _bFondo de cultura economica, _c1965. |
||
| 300 |
_a510 paginas ; _c21 cm. |
||
| 505 | _aContenido: La crisis de la ciencia -- La historia y la verdad, las cuatro relaciones del conocimiento -- El principio de causalidad I -- El principio de causalidad II -- El principio de no contradicción... | ||
| 650 |
_aPrincipio _939989 |
||
| 650 |
_aCiencia _92098 |
||
| 942 |
_2ddc _cLIBROS |
||
| 945 |
_apjha _d2019-05-16 |
||